The Iran-Iraq Border : (Record no. 617127)

MARC details
000 -LEADER
fixed length control field 00408nam a2200169 a 4500
008 - FIXED-LENGTH DATA ELEMENTS--GENERAL INFORMATION
fixed length control field 260305s1989##################000#0#eng##
020 ## - INTERNATIONAL STANDARD BOOK NUMBER
ISBN 9781852071608
082 04 - DEWEY DECIMAL CLASSIFICATION NUMBER
Classification number 320.120955
Item number ARC
245 10 - TITLE STATEMENT
Title The Iran-Iraq Border :
260 ## - PUBLICATION, DISTRIBUTION, ETC. (IMPRINT)
Year of publication 1989.
300 ## - PHYSICAL DESCRIPTION
Number of Pages 758 pages
942 ## - ADDED ENTRY ELEMENTS (KOHA)
Koha item type English Books
Holdings
Withdrawn status Lost status Damaged status Not for loan Home library Current library Shelving location Date acquired Full call number Accession Number Price effective from Koha item type
        Anna Centenary Library Anna Centenary Library 3RD FLOOR, B WING 05.03.2026 320.120955 ARC 241731 05.03.2026 English Books

Find us on the map